Zlepšenie firemnej kultúry ako nástroja motivácie zamestnancov v spoločnosti SLOVNAFT, a.s. = Company culture increasing - the tool of SLOVNAFT employees motivation : Diplomová práca

Gespeichert in:
Bibliographische Detailangaben
1. Verfasser: Holienčinová, Gabriela (Verfasst von)
Weitere Verfasser: Černý, Ivan, 1965- (xxx)
Format: Manuskript Buch
Sprache:Slowakisch
Veröffentlicht: Trnava : STU v Bratislave MTF UPMK, 2009
Schlagworte:
Tags: Tag hinzufügen
Keine Tags, Fügen Sie das erste Tag hinzu!

MARC

LEADER 00000ntm a22000003a 4500
001 stu180678
005 20160719154437.5
008 090226s2009----xo------------------slo-d
040 |a STU  |b slo 
041 0 |a slo 
044 |a xo 
100 1 |a Holienčinová, Gabriela  |4 aut 
245 1 |a Zlepšenie firemnej kultúry ako nástroja motivácie zamestnancov v spoločnosti SLOVNAFT, a.s. = Company culture increasing - the tool of SLOVNAFT employees motivation :  |b Diplomová práca 
260 |a Trnava :  |b STU v Bratislave MTF UPMK,  |c 2009 
300 |a 84 s  |c 1 CD-ROM 
500 |a Študijný program: priemyselné manažérstvo 
500 |a Študijný odbor: 5.2.52 priemyselné inžinierstvo 
650 7 |a firemná kultúra  |2 stusub 
650 7 |a motivácia zamestnancov  |2 stusub 
700 1 |a Černý, Ivan,  |d 1965-  |4 xxx  |X 4753  |7 A000004753 
996 |b 284M069777  |c M*DP-7596  |l MMSKP  |s P  |a 0  |w stu180678_0001